| 000 | 01396nam0a22003491 4500 | ||
|---|---|---|---|
| 001 | RU\NLR\BIBL_A\022491781 | ||
| 005 | 20250806203546.0 | ||
| 035 | _a(NLR Aleph) 022491781 | ||
| 090 |
_a85331 _c85331 |
||
| 100 | _a20250310d1945 u y0rusy50 ca | ||
| 101 | 0 | _abel | |
| 102 | _aBY | ||
| 105 | _ay z 000ay | ||
| 181 | 0 |
_ai _bxxxe |
|
| 182 | 0 | _an | |
| 200 | 1 |
_aУзнікненне жыцця на Зямлі _fА. І. Опарын |
|
| 203 |
_aТекст _bвизуальный _cнепосредственный |
||
| 210 |
_aМінск _cДзяржаўнае выд-ва БССР _d1945 |
||
| 215 |
_a42, [2] с. _d14 |
||
| 300 | _aНа 4-й с. обл. авт. и загл. на рус. яз. | ||
| 309 | _aБез тит. л. Описано по обл. | ||
| 541 | 1 |
_6z11790 _aПроисхождение жизни на Земле |
|
| 700 | 1 |
_aОпарин _bА. И. _f1894-1980 _gАлександр Иванович _3RU\NLR\AUTH\770278565 |
|
| 790 | 1 |
_6z11541 _aОпарин _bА. И. _f1894-1980 _gАлександр Иванович _3RU\NLR\AUTH\770278565 |
|
| 852 |
_aNLR _jБл02 Г-2/34 |
||
| 899 | _aНБ Беларуси | ||
| 942 | _cBOOK | ||
| 945 | _aРоссийская национальная библиотека | ||
| 980 | _aBV | ||
| 980 | _aBEL | ||